Call of Duty Zombies Characters - Statistics

General Stats
  • This quiz has been taken 89 times
  • The average score is 13 of 40
Answer Stats
# of Maps Maps Answer % Correct
13 Verrückt, Shi No Numa, Der Riese, Kino Der Toten, Ascension, Shangri-La, Moon, Origins, The Giant, Der Eisendrache, Zetsubou No Shima, Gorod Krovi, Revalations Tank Dempsey
99%
12 Shi No Numa, Der Riese, Kino Der Toten, Ascension, Shangri-La, Moon, Origins, The Giant, Der Eisendrache, Zetsubou No Shima, Gorod Krovi, Revalations Edward Richtofen
93%
12 Shi No Numa, Der Riese, Kino Der Toten, Ascension, Shangri-La, Moon, Origins, The Giant, Der Eisendrache, Zetsubou No Shima, Gorod Krovi, Revalations Takeo Masaki
93%
12 Shi No Numa, Der Riese, Kino Der Toten, Ascension, Shangri-La, Moon, Origins, The Giant, Der Eisendrache, Zetsubou No Shima, Gorod Krovi, Revalations Nikolai Belinski
88%
3 Tranzit, Die Rise, Buried Abigail "Misty" Briarton
68%
3 Tranzit, Die Rise, Buried Russman
65%
1 Moon Samantha Maxis
54%
1 Five John F. Kennedy
52%
1 Mob of the Dead Albert "The Weasel" Arlington
48%
1 Five Fidel Castro
45%
3 Tranzit, Die Rise, Buried Marlton Johnson
45%
3 Tranzit, Die Rise, Buried Samuel J. Stuhlinger
43%
1 Mob of the Dead Salvatore "Sal" DeLuca
42%
1 Five Richard Nixon
39%
1 Mob of the Dead Michael "Finn" O'Leary
35%
1 Mob of the Dead Billy Handsome
33%
1 Call of the Dead Danny Trejo
33%
1 Call of the Dead Sarah Michelle Gellar
30%
1 Call of the Dead Michael Rooker
29%
1 Five Robert McNamara
28%
1 Shadows of Evil Floyd Campbell
26%
1 Shadows of Evil Jack Vincent
25%
1 Shadows of Evil Nero Blackstone
25%
1 Call of the Dead Robert Englund
23%
1 Shadows of Evil Jessica Rose
22%
4 Zombies in Spaceland, Rave in the Redwoods, Shaolin Shuffle, Attack of the Radioactive Thing Aaron I. "A.J." Jordaniels
16%
4 Zombies in Spaceland, Rave in the Redwoods, Shaolin Shuffle, Attack of the Radioactive Thing Poindexter S. Zittermann
14%
1 Verrückt John "Banana"
13%
4 Zombies in Spaceland, Rave in the Redwoods, Shaolin Shuffle, Attack of the Radioactive Thing Andre J. Wright
12%
4 Zombies in Spaceland, Rave in the Redwoods, Shaolin Shuffle, Attack of the Radioactive Thing Sally O. Simpson
12%
2 Outbreak, Infection Oz
10%
1 Verrückt Smokey
10%
1 Zombies in Spaceland David Hasselhoff
6%
4 Outbreak, Infection, Carrier, Descent Jim Decker
6%
1 Rave in the Redwoods Kevin Smith
6%
4 Outbreak, Infection, Carrier, Descent Kahn
4%
4 Outbreak, Infection, Carrier, Descent Lilith Swann
4%
1 Attack of the Radioactive Thing Cassandra "Elvira" Peterson
3%
2 Carrier, Descent Lennox
3%
1 Shaolin Shuffle Pamela "Pam" Grier
1%
No matching quizzes found
Score Distribution
Percent of People with Each Score
Percentile by Number Answered
Your Score History
You have not taken this quiz